La cortesía verbal en el contexto de la pragmática

Psycholingvistická a pragmalingvistická štúdia jazyka. Pre študentov cudzích jazykov na rôznych úrovniach znalosti, odbornosti.

Salvato in:
Dettagli Bibliografici
Autore principale: Fráterová, Zuzana
Natura: Capitolo di libro
Lingua:spagnolo
Soggetti:
Tags: Aggiungi Tag
Nessun Tag, puoi essere il primo ad aggiungerne!!

MARC

LEADER 00000naa$a2200000$$$4500
001 0149604
005 20240502072704.9
041 0 |a spa 
044 |a SK 
245 1 0 |a La cortesía verbal en el contexto de la pragmática  |c Zuzana Fráterová 
520 |a Psycholingvistická a pragmalingvistická štúdia jazyka. Pre študentov cudzích jazykov na rôznych úrovniach znalosti, odbornosti. 
610 2 0 |a jazykoveda 
610 2 0 |a jazyky cudzie 
610 2 0 |a študenti 
100 1 |a Fráterová, Zuzana